00535nam a2200121Ia 45000010005000000080041000050820022000461000135000682450145002032600024003489010026003729990015003984355241024s9999 xx 000 0 und d aRD/378/UN58p/2016 aRepública Dominicana. Universidad Autónoma de Santo Domingo UASD. Facultad de Ciencias de la Educación. Subcentro UASD-Neyba 0aPrograma de intervención para elevar la calidad de la educación en la Regional de Educación No.18 (Bahoruco - Independencia, 2016-2018 bSanto Domingoc2016 a1/9/2016 6:56:20 p.m. c8314d8314